[Event "Rewal 2011 - Open B"]
[Site "Rewal"]
[Date "2011.08.24"]
[Round "5.9"]
[White "Aleksandrowicz, Marek"]
[Black "Trepkowski, Piotr"]
[Result "1-0"]
[WhiteElo "1959"]
[BlackElo "1838"]
[EventDate "2011.??.??"]
[PlyCount "101"]

1.e4 e5 2.Nf3 Nc6 3.Bb5 a6 4.Bxc6 dxc6 5.O-O Bg4 6.h3 h5 7.d3 Qf6 8.Nbd2 
Bd6 9.Re1 Ne7 10.d4 Ng6 11.hxg4 hxg4 12.Nh2 Rxh2 13.Qxg4 Rh4 14.Qf5 Rh8 
15.Nf3 exd4 16.Bg5 Qe6 17.Qxe6+ fxe6 18.Nxd4 Kd7 19.g3 Rh5 20.Be3 Rah8 21.
Nf3 b6 22.Rad1 c5 23.Kg2 b5 24.Rh1 Rxh1 25.Rxh1 Rxh1 26.Kxh1 Ne5 27.Kg2 
Nc4 28.Bc1 a5 29.b3 Nb6 30.Bb2 Bf8 31.Ne5+ Ke8 32.c4 bxc4 33.Nxc4 a4 34.
Nxb6 cxb6 35.bxa4 Kd7 36.Kf3 Kc6 37.Kf4 c4 38.Ke5 Bc5 39.f4 Bf2 40.g4 Kc5 
41.Ba3+ Kc6 42.Kxe6 Be1 43.e5 Bd2 44.f5 c3 45.f6 gxf6 46.exf6 c2 47.f7 Bh6
48.g5 Bf8 49.Bc1 b5 50.axb5+ Kxb5 51.g6 1-0

[Event "Rewal 2011 - Open B"]
[Site "Rewal"]
[Date "2011.08.24"]
[Round "5.10"]
[White "Popiol, Michal"]
[Black "Zielinski, Olgierd"]
[Result "1-0"]
[WhiteElo "1821"]
[BlackElo "1943"]
[EventDate "2011.??.??"]
[PlyCount "67"]

1.d4 d5 2.c4 dxc4 3.e3 e6 4.Bxc4 a6 5.Nf3 Nf6 6.O-O c5 7.dxc5 Qxd1 8.Rxd1 
Bxc5 9.a3 b5 10.Be2 Bb7 11.b4 Be7 12.Bb2 Nbd7 13.Nbd2 O-O 14.Rac1 Rac8 15.
Nb3 Bd5 16.Na5 Ne4 17.Nd4 Nb6 18.Ndc6 Rc7 19.Nxe7+ Rxe7 20.f3 Nf6 21.e4 
Ba8 22.Bd4 Na4 23.Be5 Rfe8 24.Rd6 Nd7 25.Rxa6 Nxe5 26.Bxb5 Nb2 27.Bxe8 
Rxe8 28.Rc7 Na4 29.Rca7 Bxe4 30.fxe4 g5 31.Nc6 Nxc6 32.Rxc6 Nb2 33.Rcc7 
Rf8 34.b5 1-0

[Event "Rewal 2011 - Open B"]
[Site "Rewal"]
[Date "2011.08.24"]
[Round "5.11"]
[White "Karcz, Bartlomiej"]
[Black "Karwowski, Kacper"]
[Result "1-0"]
[WhiteElo "1943"]
[BlackElo "1729"]
[EventDate "2011.??.??"]
[PlyCount "85"]

1.e4 c5 2.Nf3 Nc6 3.d4 cxd4 4.Nxd4 e6 5.Nc3 a6 6.Be3 Qc7 7.Be2 Nf6 8.O-O 
Bb4 9.Bd3 Bxc3 10.bxc3 Ne5 11.f4 Nc4 12.Bd2 b6 13.Qe2 Nxd2 14.Qxd2 Bb7 15.
e5 Ne4 16.Bxe4 Bxe4 17.Rae1 Bd5 18.f5 O-O-O 19.a4 Kb7 20.Qe3 Rc8 21.fxe6 
dxe6 22.Qf4 Rhf8 23.Re3 f6 24.exf6 Qxf4 25.Rxf4 Rxf6 26.Rxf6 gxf6 27.Nxe6 
Re8 28.Nc5+ bxc5 29.Rxe8 Bc6 30.Re7+ Kb6 31.Rxh7 Bxa4 32.Rh6 Bxc2 33.Rxf6+
Kb5 34.c4+ Kxc4 35.Rxa6 Kc3 36.Kf2 c4 37.Ke3 Bb3 38.Rc6 Bc2 39.g4 Bd3 40.
h4 Kb2 41.Kd4 Be2 42.g5 Bh5 43.Rxc4 1-0

[Event "Rewal 2011 - Open B"]
[Site "Rewal"]
[Date "2011.08.24"]
[Round "5.12"]
[White "Gawiec, Konrad"]
[Black "Swiech, Piotr"]
[Result "1-0"]
[WhiteElo "1820"]
[BlackElo "1929"]
[EventDate "2011.??.??"]
[PlyCount "59"]

1.e4 e6 2.d3 d5 3.Nc3 c6 4.g3 Bb4 5.Bd2 Nf6 6.Bg2 d4 7.Nce2 Bxd2+ 8.Qxd2 
O-O 9.h3 e5 10.f4 exf4 11.gxf4 a5 12.Nf3 c5 13.Rg1 Nc6 14.f5 Re8 15.Bh1 
Nd7 16.Rg3 Nde5 17.O-O-O Nxf3 18.Bxf3 Ne5 19.Rdg1 g6 20.Nf4 Nxf3 21.Rxf3 
Re5 22.fxg6 f5 23.gxh7+ Kxh7 24.Nh5 Ra6 25.Qg2 Qf8 26.Kb1 Qf7 27.Rg3 Qxh5 
28.Rg7+ Kh6 29.Rg8 Re7 30.Rh8+ 1-0

[Event "Rewal 2011 - Open B"]
[Site "Rewal"]
[Date "2011.08.24"]
[Round "5.13"]
[White "Szostko, Jakub"]
[Black "Bes, Michal"]
[Result "1-0"]
[WhiteElo "1645"]
[BlackElo "1906"]
[EventDate "2011.??.??"]
[PlyCount "83"]

1.e4 e5 2.Nf3 Nc6 3.Bc4 Nf6 4.Ng5 d5 5.exd5 b5 6.Bf1 Qxd5 7.Nc3 Qc5 8.Bxb5
Bb7 9.Qf3 Be7 10.b4 Qb6 11.Nd5 Qd4 12.Nxf6+ gxf6 13.Bxc6+ Bxc6 14.Qxc6+ 
Kf8 15.Qxa8+ Kg7 16.c3 Qb6 17.Qf3 fxg5 18.Qe3 Qa6 19.d3 Rd8 20.c4 Qg6 21.
Ke2 e4 22.Qxe4 Qh5+ 23.f3 Bf6 24.Rb1 Kf8 25.Be3 Re8 26.Qg4 Qg6 27.Rhd1 h5 
28.Qd7 g4 29.f4 Re7 30.Qd5 c6 31.Qc5 Kg8 32.g3 Qg7 33.Kf2 Rxe3 34.Kxe3 Bd8
35.d4 Qg6 36.Rd3 Qe6+ 37.Qe5 Qxc4 38.Qxh5 Qe6+ 39.Qe5 Qxa2 40.Qe8+ Kh7 41.
h3 Qg2 42.Qe4+ 1-0

[Event "Rewal 2011 - Open B"]
[Site "Rewal"]
[Date "2011.08.24"]
[Round "5.14"]
[White "Jagodzinski, Waldemar"]
[Black "Wisniewski, Michal"]
[Result "0-1"]
[WhiteElo "2029"]
[BlackElo "1713"]
[EventDate "2011.??.??"]
[PlyCount "78"]

1.d4 d5 2.Nf3 e6 3.c4 c5 4.cxd5 exd5 5.Nc3 Nc6 6.e3 Nf6 7.Bb5 Be7 8.O-O 
O-O 9.dxc5 Bxc5 10.b3 a6 11.Bxc6 bxc6 12.Nd4 Qd6 13.Bb2 Bb6 14.Qf3 Bc7 15.
Qg3 Qd7 16.Qh4 Ng4 17.h3 Nf6 18.Nf3 Re8 19.Rfd1 h6 20.Qd4 Qd6 21.Na4 Re4 
22.Qc3 Ne8 23.Nc5 Re7 24.Rac1 Qg6 25.Kf1 Qh5 26.Ke2 Be5 27.Qd2 Bxb2 28.
Qxb2 Nf6 29.Nd3 Bb7 30.Nf4 Qf5 31.Nd4 Qxf4 32.Nxc6 Bxc6 33.Rxc6 Rae8 34.
Kf1 Rxe3 35.Qc1 Nh5 36.Kg1 Re2 37.Qxf4 Nxf4 38.Rxa6 Rb2 39.Rd4 Ne2+ 0-1

[Event "Rewal 2011 - Open B"]
[Site "Rewal"]
[Date "2011.08.24"]
[Round "5.15"]
[White "Stankowski, Aleksander"]
[Black "Stankiewicz, Pawel"]
[Result "1/2-1/2"]
[WhiteElo "1863"]
[BlackElo "2064"]
[EventDate "2011.??.??"]
[PlyCount "92"]

1.Nf3 Nf6 2.g3 g6 3.Bg2 Bg7 4.O-O O-O 5.d3 d5 6.Nc3 c6 7.e4 Bg4 8.h3 Bxf3 
9.Bxf3 dxe4 10.Nxe4 Nbd7 11.Rb1 Qa5 12.a3 Rad8 13.Re1 Nxe4 14.Bxe4 f5 15.
Bg2 e5 16.Bd2 Qc7 17.h4 Nf6 18.Qe2 Rde8 19.Bf3 e4 20.dxe4 Nxe4 21.Qc4+ Qf7
22.Qxf7+ Kxf7 23.Bb4 c5 24.Bxe4 cxb4 25.Bd5+ Kf6 26.axb4 b6 27.Ra1 Rxe1+ 
28.Rxe1 Rd8 29.Re6+ Kf7 30.Rd6+ Ke7 31.Rxd8 Kxd8 32.Bg8 h6 33.c3 g5 34.Bh7
gxh4 35.gxh4 Bf6 36.Bxf5 Bxh4 37.c4 b5 38.cxb5 Bf6 39.b3 Bd4 40.Kg2 Ke7 
41.f4 Kf6 42.Bh3 h5 43.Kf3 h4 44.Ke4 Bg1 45.Kd5 Be3 46.Kc6 Bxf4 1/2-1/2

[Event "Rewal 2011 - Open B"]
[Site "Rewal"]
[Date "2011.08.24"]
[Round "5.16"]
[White "Kuspak, Aleksander"]
[Black "Borowicz, Przemyslaw"]
[Result "0-1"]
[WhiteElo "1862"]
[BlackElo "1989"]
[EventDate "2011.??.??"]
[PlyCount "82"]

1.e4 c6 2.d4 d5 3.e5 Bf5 4.Ne2 e6 5.Ng3 Bg6 6.h4 h6 7.h5 Bh7 8.Bd3 Bxd3 9.
cxd3 Qb6 10.Ne2 Ne7 11.Nbc3 Nd7 12.Qa4 f6 13.f4 O-O-O 14.Bd2 c5 15.Nb5 Nc6
16.Rc1 Kb8 17.Nd6 Bxd6 18.exd6 cxd4 19.b4 a6 20.O-O Nf8 21.Rb1 Na7 22.b5 
axb5 23.Qb3 Rxd6 24.a4 Rc6 25.axb5 Rc5 26.Qa2 Rxb5 27.Rxb5 Qxb5 28.Ra1 Nc6
29.Qa8+ Kc7 30.Rc1 Kd7 31.Nxd4 Qb6 32.Be3 Qa7 33.Ra1 Qxa8 34.Rxa8 Ng6 35.
Ra4 Nxd4 36.Rxd4 Ne7 37.Rb4 Kc7 38.Bb6+ Kc6 39.Bf2 b5 40.Kf1 Ra8 41.Ke2 
Ra4 0-1

[Event "Rewal 2011 - Open B"]
[Site "Rewal"]
[Date "2011.08.24"]
[Round "5.17"]
[White "Miczek, Szczepan"]
[Black "Kosny, Marek"]
[Result "0-1"]
[WhiteElo "1823"]
[BlackElo "1945"]
[EventDate "2011.??.??"]
[PlyCount "106"]

1.e4 Nf6 2.e5 Nd5 3.d4 d6 4.c4 Nb6 5.exd6 cxd6 6.Nc3 g6 7.Be3 Bg7 8.Nf3 
Bg4 9.h3 Bxf3 10.Qxf3 Nc6 11.Qd1 O-O 12.Be2 d5 13.c5 Nc8 14.Bb5 e6 15.Bxc6
bxc6 16.b4 Ne7 17.a4 Nf5 18.O-O e5 19.Ne2 Rb8 20.Rb1 Qh4 21.b5 Nxd4 22.
Nxd4 exd4 23.g3 Qxh3 24.Bxd4 Qd7 25.Bxg7 Kxg7 26.Qd4+ f6 27.Rfd1 cxb5 28.
axb5 Rxb5 29.Rxb5 Qxb5 30.Qxd5 Rc8 31.Qd7+ Qxd7 32.Rxd7+ Kh6 33.Rxa7 Rxc5 
34.Rf7 Rf5 35.Kg2 g5 36.g4 Rf4 37.Kg3 Kg6 38.Ra7 Rc4 39.Ra6 Rc7 40.Ra8 
Rc3+ 41.Kg2 h5 42.gxh5+ Kxh5 43.Ra5 Rc4 44.Rf5 Rf4 45.Rxf4 gxf4 46.Kh3 Kg5
47.f3 Kh5 48.Kg2 Kh4 49.Kh2 Kg5 50.Kh3 Kf5 51.Kh4 Ke6 52.Kh3 Kd5 53.Kg4 
Ke5 0-1

[Event "Rewal 2011 - Open B"]
[Site "Rewal"]
[Date "2011.08.24"]
[Round "5.18"]
[White "Barburzynska, Magdalena"]
[Black "Cyboran, Katarzyna"]
[Result "1/2-1/2"]
[WhiteElo "1936"]
[BlackElo "1869"]
[EventDate "2011.??.??"]
[PlyCount "38"]

1.e4 c5 2.Nf3 e6 3.d4 cxd4 4.Nxd4 a6 5.Nc3 b5 6.Bd3 Bb7 7.O-O d6 8.Qe2 Nd7
9.Kh1 Qc7 10.f4 Ngf6 11.a4 b4 12.Na2 d5 13.exd5 Nxd5 14.Bd2 Be7 15.c3 Qb6 
16.a5 Qa7 17.Nb3 bxc3 18.Nxc3 Rc8 19.Nxd5 Bxd5 1/2-1/2

[Event "Rewal 2011 - Open B"]
[Site "Rewal"]
[Date "2011.08.24"]
[Round "5.19"]
[White "Jedras, Piotr"]
[Black "Cyra, Dariusz"]
[Result "1-0"]
[WhiteElo "1919"]
[BlackElo "1830"]
[EventDate "2011.??.??"]
[PlyCount "83"]

1.e4 e6 2.d4 d5 3.Nc3 Bb4 4.e5 c5 5.Bd2 Ne7 6.Nb5 Bxd2+ 7.Qxd2 O-O 8.c3 
Nbc6 9.f4 cxd4 10.cxd4 Nf5 11.Nf3 a6 12.Nc3 f6 13.O-O-O fxe5 14.dxe5 d4 
15.Ne2 Qd5 16.Nexd4 Ncxd4 17.Nxd4 Qxa2 18.Nxf5 exf5 19.Qd5+ Be6 20.Qxa2 
Bxa2 21.Rd7 Rac8+ 22.Kd2 Rfd8 23.Rxd8+ Rxd8+ 24.Ke3 Bd5 25.Rg1 Kf8 26.Bd3 
g6 27.g3 Rc8 28.Rd1 Ke7 29.Bxf5 gxf5 30.Rxd5 Rc2 31.Rd2 Rc1 32.Kd3 Ke6 33.
Ke3 Re1+ 34.Kf2 Rc1 35.Rd6+ Ke7 36.Rb6 h5 37.Rxb7+ Ke8 38.e6 a5 39.Ke3 
Re1+ 40.Kd4 Rxe6 41.Rb5 Re2 42.Re5+ 1-0

[Event "Rewal 2011 - Open B"]
[Site "Rewal"]
[Date "2011.08.24"]
[Round "5.20"]
[White "Szczecina, Kamil"]
[Black "Czernicki, Bogdan"]
[Result "1/2-1/2"]
[WhiteElo "1779"]
[BlackElo "1916"]
[EventDate "2011.??.??"]
[PlyCount "45"]

1.e4 c5 2.Nf3 Nc6 3.d4 cxd4 4.Nxd4 e5 5.Nb5 a6 6.Nd6+ Bxd6 7.Qxd6 Qf6 8.
Qxf6 Nxf6 9.f3 d5 10.exd5 Nxd5 11.c3 Bf5 12.Be2 O-O 13.O-O Nf4 14.Bxf4 
exf4 15.Na3 Rfe8 16.Kf2 Rad8 17.Rad1 Ne5 18.Rfe1 f6 19.Nc4 Nxc4 20.Bxc4+ 
Kf8 21.Rxe8+ Kxe8 22.Rxd8+ Kxd8 23.Ke2 1/2-1/2

[Event "Rewal 2011 - Open B"]
[Site "Rewal"]
[Date "2011.08.24"]
[Round "5.21"]
[White "Wielek, Thomas"]
[Black "Miechowicz, Witold"]
[Result "0-1"]
[WhiteElo "1787"]
[BlackElo "1916"]
[EventDate "2011.??.??"]
[PlyCount "86"]

1.e4 e5 2.Nf3 Nf6 3.Nxe5 d6 4.Nf3 Nxe4 5.Nc3 Nf6 6.d4 Bg4 7.Be2 h6 8.O-O 
Be7 9.h3 Bxf3 10.Bxf3 c6 11.d5 O-O 12.Bf4 c5 13.Re1 Re8 14.Re3 Bf8 15.Qd2 
Rxe3 16.Qxe3 Nbd7 17.Re1 Qa5 18.Qd3 Qb4 19.Bg3 a6 20.b3 b5 21.Kf1 Qa3 22.
Bf4 Re8 23.Rd1 Ne5 24.Qf5 Nxf3 25.gxf3 Qb4 26.Ne2 Be7 27.Bd2 Qh4 28.Kg2 
Bf8 29.Ng3 Re5 30.Qf4 Qxf4 31.Bxf4 Rxd5 32.Re1 g5 33.Bc1 Re5 34.Ne4 Nh5 
35.Bb2 Re6 36.Rd1 d5 37.Nd2 c4 38.Nb1 Re2 39.Rd2 Re1 40.Nc3 Nf4+ 41.Kg3 
Bg7 42.bxc4 bxc4 43.Na4 Bxb2 0-1

[Event "Rewal 2011 - Open B"]
[Site "Rewal"]
[Date "2011.08.24"]
[Round "5.22"]
[White "Szusterowski, Przemyslaw"]
[Black "Radzicki, Wieslaw"]
[Result "0-1"]
[WhiteElo "1916"]
[BlackElo "1820"]
[EventDate "2011.??.??"]
[PlyCount "75"]

1.d4 d5 2.c4 c6 3.Nf3 Nf6 4.Nc3 dxc4 5.e3 b5 6.a4 Nd5 7.e4 Nxc3 8.bxc3 Bb7
9.Be2 e6 10.O-O Be7 11.Rb1 a6 12.Bxc4 O-O 13.Bd3 Qc7 14.Qb3 Nd7 15.Be3 Nb6
16.axb5 cxb5 17.c4 Rfb8 18.cxb5 axb5 19.Rfc1 Qd8 20.Ra1 b4 21.Bd2 Ra3 22.
Rxa3 bxa3 23.Ba5 Bc8 24.Ne5 Bd7 25.Bb5 Qe8 26.Nxd7 Nxd7 27.Qa4 Rb7 28.g3 
Ra7 29.Bxd7 Rxd7 30.Kg2 Rd8 31.Qc4 Ra8 32.Bc3 h6 33.Ba1 Qa4 34.Qc3 Bf6 35.
e5 Be7 36.Rb1 Qa6 37.Qf3 Re8 38.Rb7 {zapisy nieczytelne} 0-1

[Event "Rewal 2011 - Open B"]
[Site "Rewal"]
[Date "2011.08.24"]
[Round "5.23"]
[White "Tomczak, Mikolaj"]
[Black "Zhuk, Ilya"]
[Result "1/2-1/2"]
[WhiteElo "1693"]
[BlackElo "1889"]
[EventDate "2011.??.??"]
[PlyCount "87"]

1.e4 e6 2.d4 d5 3.Nd2 dxe4 4.Nxe4 Nf6 5.Nxf6+ gxf6 6.Bd3 c6 7.Nf3 b6 8.O-O
Bb7 9.Bf4 Bd6 10.Bg3 Qe7 11.a4 a5 12.c4 Na6 13.Bh4 Nb4 14.Be4 O-O-O 15.Qe2
Bc7 16.Rfd1 Rdg8 17.Ne5 h5 18.Qf3 Rh6 19.Nxc6 Qd6 20.Ne7+ Qxe7 21.Bxb7+ 
Kb8 22.Be4 Rg4 23.Bg3 Bxg3 24.fxg3 f5 25.Bb1 h4 26.h3 Rgg6 27.Qf4+ Qc7 28.
Qxc7+ Kxc7 29.g4 fxg4 30.Bxg6 Rxg6 31.Ra3 Kd6 32.Kf2 Rf6+ 33.Ke2 Rf4 34.
hxg4 Rxg4 35.Kf2 Nc2 36.Rad3 Rf4+ 37.Ke2 Rg4 38.Kf3 f5 39.R3d2 Rg3+ 40.Kf2
Ne3 41.Rc1 f4 42.c5+ Kc6 43.cxb6+ Kxb6 44.Rg1 1/2-1/2

[Event "Rewal 2011 - Open B"]
[Site "Rewal"]
[Date "2011.08.24"]
[Round "5.24"]
[White "Adamczyk, Piotr"]
[Black "Dzierzak, Radoslaw"]
[Result "0-1"]
[WhiteElo "1889"]
[BlackElo "1813"]
[EventDate "2011.??.??"]
[PlyCount "74"]

1.e4 d5 2.exd5 Qxd5 3.Nc3 Qa5 4.d4 Nf6 5.Nf3 Bf5 6.Bd2 c6 7.Bc4 Qc7 8.O-O 
e6 9.Re1 Be7 10.Qe2 O-O 11.d5 cxd5 12.Bxd5 a6 13.Bb3 Nc6 14.Rad1 Rfd8 15.
Bg5 Bg4 16.h3 Bh5 17.g4 Bg6 18.a3 Kf8 19.Be3 Na5 20.Na4 Nd7 21.Rxd7 Qxd7 
22.Nb6 Qc7 23.Nxa8 Rxa8 24.Rd1 Rc8 25.Rc1 Bf6 26.Rd1 Bxb2 27.Bxe6 fxe6 28.
Ng5 Qxc2 29.Bd2 Nb3 30.Bb4+ Kg8 31.Qxe6+ Kh8 32.Qd5 Bd4 33.Rf1 Nc1 34.Ne6 
Ne2+ 35.Kh2 Qd3 36.Bc5 Be4 37.Qd7 Be5+ 0-1

[Event "Rewal 2011 - Open B"]
[Site "Rewal"]
[Date "2011.08.24"]
[Round "5.25"]
[White "Blaszkiewicz, Mateusz"]
[Black "Lizak, Jakub"]
[Result "1-0"]
[WhiteElo "1871"]
[BlackElo "1772"]
[EventDate "2011.??.??"]
[PlyCount "62"]

1.e4 c5 2.Nf3 Nc6 3.d4 cxd4 4.Nxd4 Nf6 5.Nc3 e5 6.Ndb5 d6 7.Nd5 Nxd5 8.
exd5 Nb8 9.c4 a6 10.Nc3 Be7 11.Bd3 O-O 12.O-O f5 13.f3 Bg5 14.Kh1 Nd7 15.
b4 Bxc1 16.Rxc1 Qh4 17.Ne2 Rf6 18.Qe1 Qg5 19.c5 e4 20.fxe4 Ne5 21.Nf4 fxe4
22.Qxe4 Bf5 23.Qe2 Bg4 24.Qe4 Bf5 25.Qd4 Raf8 26.Rfe1 Ng4 27.Bxf5 Rxf5 28.
Ne6 Rxd5 29.Nxg5 Rxd4 30.Ne6 Nf2+ 31.Kg1 Nd3 1-0

[Event "Rewal 2011 - Open B"]
[Site "Rewal"]
[Date "2011.08.24"]
[Round "5.26"]
[White "Graczyk, Damian"]
[Black "Wacior, Maciej"]
[Result "1/2-1/2"]
[WhiteElo "1991"]
[BlackElo "1664"]
[EventDate "2011.??.??"]
[PlyCount "79"]

1.c4 c6 2.Nf3 d5 3.g3 Bf5 4.Bg2 e6 5.O-O Bd6 6.d4 Nf6 7.Nc3 O-O 8.c5 Be7 
9.Qb3 b6 10.cxb6 Qxb6 11.Bf4 Nbd7 12.Qxb6 axb6 13.Nh4 Bg6 14.Nxg6 hxg6 15.
e4 Rfc8 16.Rfc1 Nh5 17.Be3 Nhf6 18.h3 Ra5 19.g4 Rca8 20.a3 b5 21.e5 Nh7 
22.Ne2 Nb8 23.Bd2 R5a6 24.Rab1 Nf8 25.f4 Ra4 26.Bc3 Nfd7 27.Rf1 b4 28.axb4
Bxb4 29.f5 Bxc3 30.bxc3 Ra2 31.fxe6 Rxe2 32.exd7 Nxd7 33.Rf2 Rxf2 34.Kxf2 
Ra2+ 35.Kg1 Rc2 36.Rb3 Kf8 37.Bf1 Ke7 38.Ba6 Kd8 39.Bd3 Rd2 40.Bf1 1/2-1/2

[Event "Rewal 2011 - Open B"]
[Site "Rewal"]
[Date "2011.08.24"]
[Round "5.28"]
[White "Szolc, Grzegorz"]
[Black "Jacel, Lukasz"]
[Result "1/2-1/2"]
[WhiteElo "1760"]
[BlackElo "1979"]
[EventDate "2011.??.??"]
[PlyCount "48"]

1.e4 c5 2.c3 Nf6 3.e5 Nd5 4.d4 cxd4 5.Nf3 e6 6.cxd4 d6 7.Bc4 Nb6 8.Bd3 Nc6
9.O-O Be7 10.Qe2 f5 11.exd6 Qxd6 12.Nc3 a6 13.Re1 O-O 14.g3 Bf6 15.Bf4 Qd8
16.Be5 Ne7 17.Rad1 Nbd5 18.Bc4 b5 19.Nxd5 Nxd5 20.Bb3 Bb7 21.Bxf6 Rxf6 22.
Ng5 Bc8 23.Qe5 h6 24.Bxd5 Qxd5 1/2-1/2

[Event "Rewal 2011 - Open B"]
[Site "Rewal"]
[Date "2011.08.24"]
[Round "5.29"]
[White "Hasinski, Krystian"]
[Black "Laszewski, Kazimierz"]
[Result "1-0"]
[WhiteElo "1971"]
[BlackElo "1755"]
[EventDate "2011.??.??"]
[PlyCount "52"]

1.d4 Nf6 2.c4 e6 3.Nc3 Bb4 4.Qc2 O-O 5.a3 Bxc3+ 6.Qxc3 d5 7.Nf3 Ne4 8.Qc2 
Nc6 9.b4 Ne7 10.e3 b6 11.Bd3 f5 12.cxd5 exd5 13.Ne5 Bd7 14.O-O Rc8 15.f3 
Nd6 16.a4 Be8 17.Qb3 Nf7 18.f4 c6 19.Ba3 Nd6 20.Rac1 Rf6 21.b5 Ne4 22.Rc2 
Ng6 23.Nf3 Re6 24.Rfc1 Qf6 25.Bxe4 fxe4 26.Ng5 Nxf4 1-0

[Event "Rewal 2011 - Open B"]
[Site "Rewal"]
[Date "2011.08.24"]
[Round "5.30"]
[White "Karpacz, Piotr"]
[Black "Poswiatowski, Michal"]
[Result "1/2-1/2"]
[WhiteElo "1739"]
[BlackElo "1971"]
[EventDate "2011.??.??"]
[PlyCount "53"]

1.d4 c5 2.d5 d6 3.c4 g6 4.e4 Bg7 5.Ne2 f5 6.exf5 Bxf5 7.Nbc3 Nf6 8.Ng3 Bd7
9.Bd3 O-O 10.O-O e5 11.f3 Na6 12.a3 Nc7 13.Nce4 Nce8 14.Be3 Kh8 15.b4 b6 
16.Qb3 Qc7 17.Rab1 Nxe4 18.Nxe4 Bf5 19.Ng3 Bxd3 20.Qxd3 Nf6 21.Bg5 Nd7 22.
Ne4 Bf6 23.Bh6 Rfe8 24.Rfc1 Kg8 25.bxc5 bxc5 26.Qb3 Be7 27.Qb7 1/2-1/2

[Event "Rewal 2011 - Open B"]
[Site "Rewal"]
[Date "2011.08.24"]
[Round "5.31"]
[White "Przytula, Grzegorz"]
[Black "Gabryjalowicz, Jakub"]
[Result "1-0"]
[WhiteElo "1955"]
[BlackElo "1749"]
[EventDate "2011.??.??"]
[PlyCount "53"]

1.e4 d5 2.exd5 Nf6 3.Nf3 Nxd5 4.d4 g6 5.c4 Nb6 6.a4 a5 7.c5 Nd5 8.Bc4 Nc6 
9.Qb3 Ncb4 10.Nc3 c6 11.O-O Bg7 12.Bg5 O-O 13.Rfe1 Re8 14.Rad1 Bg4 15.Ne4 
Bxf3 16.Qxf3 Nc2 17.Nd6 Nxe1 18.Qxf7+ Kh8 19.Bxd5 cxd5 20.Qxd5 Rf8 21.Rxe1
e6 22.Rxe6 Qd7 23.Re7 Qxa4 24.h3 h6 25.Bxh6 Bxh6 26.Nf7+ Kh7 27.Ng5+ 1-0

[Event "Rewal 2011 - Open B"]
[Site "Rewal"]
[Date "2011.08.24"]
[Round "5.32"]
[White "Starczewska, Dominika"]
[Black "Beczala, Pawel"]
[Result "1/2-1/2"]
[WhiteElo "1909"]
[BlackElo "1730"]
[EventDate "2011.??.??"]
[PlyCount "42"]

1.e4 c5 2.Nf3 Nc6 3.d4 cxd4 4.Nxd4 Nf6 5.Nc3 e6 6.Ndb5 Bb4 7.a3 Bxc3+ 8.
Nxc3 d5 9.exd5 Nxd5 10.Nxd5 exd5 11.Be2 Be6 12.O-O O-O 13.Bd3 f5 14.Re1 
Re8 15.Bf4 Qf6 16.b3 Bf7 17.Qd2 h6 18.h4 Rac8 19.Rad1 a6 20.Rxe8+ Rxe8 21.
c3 Ne5 1/2-1/2

[Event "Rewal 2011 - Open B"]
[Site "Rewal"]
[Date "2011.08.24"]
[Round "5.33"]
[White "Panczuk, Joanna"]
[Black "Luka, Krzysztof"]
[Result "0-1"]
[WhiteElo "1678"]
[BlackElo "1873"]
[EventDate "2011.??.??"]
[PlyCount "62"]

1.e4 d6 2.d4 Nf6 3.Nc3 g6 4.f3 c6 5.Be3 Nbd7 6.Qd2 b5 7.Bd3 Nb6 8.Nge2 a6 
9.Nf4 e5 10.Nfe2 exd4 11.Bxd4 c5 12.Bxf6 Qxf6 13.Ng3 h5 14.O-O h4 15.Nh1 
Qd4+ 16.Qf2 Qb4 17.Nd5 Nxd5 18.exd5 Qxb2 19.Rae1+ Kd7 20.Qe2 Bb7 21.f4 
Bxd5 22.f5 c4 23.Be4 Qd4+ 24.Nf2 Re8 25.Qf3 Bxe4 26.Rxe4 Rxe4 27.Qxe4 Qxe4
28.Nxe4 gxf5 29.Rxf5 Ke6 30.Rf3 Be7 31.Ra3 Ra8 0-1

[Event "Rewal 2011 - Open B"]
[Site "Rewal"]
[Date "2011.08.24"]
[Round "5.34"]
[White "Wrobel, Maciej"]
[Black "Klimek, Piotr"]
[Result "1/2-1/2"]
[WhiteElo "1868"]
[BlackElo "1699"]
[EventDate "2011.??.??"]
[PlyCount "74"]

1.e4 e6 2.d4 d5 3.exd5 exd5 4.Bd3 Nc6 5.Nf3 Bg4 6.c3 Bd6 7.b4 a6 8.a4 Qd7 
9.O-O Nge7 10.Na3 O-O 11.Nc2 Bf5 12.Ne3 Bxd3 13.Qxd3 f5 14.Ba3 f4 15.Nc2 
Nf5 16.Rfe1 Rae8 17.b5 axb5 18.axb5 Nce7 19.c4 Bxa3 20.Ne5 Qd6 21.Rxa3 Ng6
22.c5 Qe7 23.Raa1 Qg5 24.Nxg6 Qxg6 25.Nb4 Qg5 26.Re5 Rxe5 27.dxe5 Ne7 28.
Nxd5 Qxe5 29.Nxe7+ Qxe7 30.Qd5+ Kh8 31.h3 Rd8 32.Qxb7 Qxc5 33.Ra8 Qf8 34.
Ra1 Rb8 35.Qc6 h6 36.Qxc7 Rxb5 37.Rd1 Qf5 1/2-1/2

[Event "Rewal 2011 - Open B"]
[Site "Rewal"]
[Date "2011.08.24"]
[Round "5.35"]
[White "Krzysztofiak, Zdzislaw"]
[Black "Bregoszewski, Leon"]
[Result "1-0"]
[WhiteElo "1656"]
[BlackElo "1821"]
[EventDate "2011.??.??"]
[PlyCount "120"]

1.e4 c5 2.Nf3 Nc6 3.Bc4 e6 4.Nc3 a6 5.a4 d6 6.d4 cxd4 7.Nxd4 Ne5 8.Bb3 Be7
9.f4 Ng6 10.O-O Nf6 11.Be3 O-O 12.Qf3 Qc7 13.a5 Bd7 14.Nde2 Bc6 15.Bb6 Qd7
16.Nd4 Nh4 17.Qe2 Ng6 18.Nxc6 bxc6 19.Bc4 Qb7 20.Rad1 d5 21.exd5 cxd5 22.
Bb3 Nh4 23.Rd3 Rac8 24.g3 Nf5 25.Re1 Nd7 26.Nxd5 Nxb6 27.Nxe7+ Nxe7 28.
axb6 Qxb6+ 29.Qf2 Qc6 30.Rc3 Qb7 31.Ree3 Nf5 32.Red3 Rb8 33.g4 Ne7 34.Qd2 
Ng6 35.f5 exf5 36.gxf5 Ne5 37.Rg3 Qb6+ 38.Qe3 Qf6 39.Qg5 Rb6 40.Rce3 Re8 
41.Qf4 Kf8 42.Kg2 Qc6+ 43.Qe4 Qd6 44.Qd5 Qxd5+ 45.Bxd5 Rxb2 46.Bb3 Rb1 47.
Re4 f6 48.Ra4 Ra8 49.Rc3 Rd1 50.Rc7 Rd2+ 51.Kg3 Rd6 52.Rb4 Rd7 53.Rbb7 
Rxc7 54.Rxc7 a5 55.Ba4 h6 56.Kf4 Rd8 57.Bb3 Rd4+ 58.Kg3 a4 59.Be6 h5 60.
Ra7 h4+ {Czas} 1-0

[Event "Rewal 2011 - Open B"]
[Site "Rewal"]
[Date "2011.08.24"]
[Round "5.36"]
[White "Szmer, Aleksander"]
[Black "Statucki, Maciej"]
[Result "1/2-1/2"]
[WhiteElo "1618"]
[BlackElo "1817"]
[EventDate "2011.??.??"]
[PlyCount "128"]

1.e4 c5 2.Nf3 Nc6 3.d4 cxd4 4.Nxd4 Nf6 5.Nc3 e5 6.Ndb5 d6 7.Bg5 a6 8.Na3 
b5 9.Nd5 Be7 10.Bxf6 Bxf6 11.c3 Ne7 12.Nxe7 Bxe7 13.Nc2 Bb7 14.Qg4 O-O 15.
Ne3 Bc8 16.Qd1 Be6 17.g3 Qb6 18.Bg2 Rac8 19.Nd5 Bxd5 20.Qxd5 Rc5 21.Qd2 
Rfc8 22.a3 a5 23.O-O g6 24.Kh1 f5 25.exf5 Kg7 26.fxg6 hxg6 27.f4 Rf8 28.
fxe5 Rxf1+ 29.Rxf1 Rxe5 30.Bd5 Bf6 31.Rxf6 Kxf6 32.Qf4+ Ke7 33.Qf7+ Kd8 
34.Qxg6 Qc5 35.Qf6+ Re7 36.Qf8+ Kd7 37.Qf5+ Kc7 38.Qf3 b4 39.axb4 axb4 40.
Kg2 Kb6 41.h4 bxc3 42.bxc3 Re3 43.Qf7 Rxc3 44.h5 Qe3 45.Qf2 Kc5 46.Bg8 
Qxf2+ 47.Kxf2 Rc2+ 48.Kg1 Rc1+ 49.Kg2 Rc2+ 50.Kh3 Rc1 51.Kg4 Rh1 52.Kg5 d5
53.g4 d4 54.Bh7 Kd6 55.Kh6 Ke7 56.g5 Rg1 57.Bf5 Kf7 58.Bd3 Rg3 59.Bc4+ Kf8
60.g6 d3 61.Kh7 d2 62.Be2 Rg5 63.h6 Rxg6 64.Kxg6 Kg8 1/2-1/2

[Event "Rewal 2011 - Open B"]
[Site "Rewal"]
[Date "2011.08.24"]
[Round "5.37"]
[White "Faron, Rafal"]
[Black "Dobrzanska, Joanna"]
[Result "1-0"]
[WhiteElo "1816"]
[BlackElo "1596"]
[EventDate "2011.??.??"]
[PlyCount "93"]

1.d4 f5 2.c4 e6 3.g3 d5 4.Bg2 Nf6 5.Qc2 c6 6.Nh3 Bd6 7.O-O O-O 8.Bf4 Be7 
9.Bc1 Bd6 10.b3 Ne4 11.Bb2 Qc7 12.f4 Nd7 13.Nf2 Nxf2 14.Rxf2 Nf6 15.Nd2 
Qf7 16.Bf3 Qg6 17.e3 Bd7 18.c5 Bc7 19.b4 h5 20.Rg2 Ng4 21.Bxg4 hxg4 22.a4 
Qf6 23.Bc3 a6 24.Qd3 Qd8 25.Nb3 g6 26.Rga2 Qe8 27.Nd2 Kg7 28.Nb1 Kg8 29.
Na3 Kg7 30.Rb2 Qd8 31.Rab1 Kg8 32.Bd2 Kg7 33.b5 axb5 34.axb5 Qe8 35.b6 Bd8
36.Ra2 Be7 37.Rba1 g5 38.Bc3 Rh8 39.Nb1 Rxa2 40.Rxa2 Bf6 41.Ra7 Bc8 42.Nd2
Rf8 43.Nb3 Rf7 44.Qd2 Kg6 45.Qa2 Bg7 46.Ra8 Qd7 47.Rb8 1-0

[Event "Rewal 2011 - Open B"]
[Site "Rewal"]
[Date "2011.08.24"]
[Round "5.38"]
[White "Drela, Michal"]
[Black "Gorol, Jacek"]
[Result "1-0"]
[WhiteElo "1459"]
[BlackElo "1788"]
[EventDate "2011.??.??"]
[PlyCount "97"]

1.e4 g6 2.d4 d6 3.Nf3 Bg7 4.c3 Bg4 5.h3 Bxf3 6.Qxf3 c6 7.Bd3 Nd7 8.Be3 e5 
9.Nd2 Ngf6 10.O-O O-O 11.Rfe1 Qc7 12.a4 a5 13.Rab1 d5 14.Qd1 Nh5 15.Nf3 
dxe4 16.Bxe4 f5 17.Qb3+ Kh8 18.Bc2 f4 19.Bd2 Bf6 20.dxe5 Nxe5 21.Nxe5 Bxe5
22.f3 Rad8 23.Rbd1 Ng3 24.Kh2 Qg7 25.Bc1 Rxd1 26.Rxd1 Qe7 27.Qc4 g5 28.Re1
Qf6 29.Qd3 Rf7 30.Bb3 Rc7 31.Qc4 Kg7 32.h4 Re7 33.Qg8+ Kh6 34.hxg5+ Qxg5 
35.Qxg5+ Kxg5 36.Bc2 h5 37.b4 axb4 38.cxb4 Kf6 39.Bd2 Rd7 40.Bc1 h4 41.Kh3
Nf5 42.Bxf5 Kxf5 43.b5 Rg7 44.Rxe5+ Kxe5 45.Bb2+ Kd5 46.Bxg7 c5 47.Kxh4 c4
48.Bc3 Kc5 49.Kg4 1-0

[Event "Rewal 2011 - Open B"]
[Site "Rewal"]
[Date "2011.08.24"]
[Round "5.40"]
[White "Skiba, Marta"]
[Black "Sroka, Janusz"]
[Result "1/2-1/2"]
[WhiteElo "1715"]
[BlackElo "2088"]
[EventDate "2011.??.??"]
[PlyCount "46"]

1.e4 d6 2.d4 Nf6 3.Nc3 e5 4.dxe5 dxe5 5.Qxd8+ Kxd8 6.Bg5 c6 7.Bc4 Ke8 8.a3
Bc5 9.Nf3 Nbd7 10.h3 b5 11.Bb3 a5 12.O-O h6 13.Bd2 Ba6 14.Rfe1 Ke7 15.Rad1
Rhe8 16.Nh4 Kf8 17.Nf5 a4 18.Ba2 Bd4 19.Nd6 Re7 20.Nf5 Ree8 21.Nd6 Re7 22.
Nf5 Ree8 23.Nd6 Re7 1/2-1/2